හෙළ ජනයාගේ දේශීය ආහාර රටාව /

Hela janayage deshiya ahara ratava
Saved in:
Bibliographic Details
Main Author: ද සිල්වා, තෙන්නකෝන් මුදලිගේ හසන්තිකා
Format: Book
Published: කොළඹ : පුරාවිද්‍යා දෙපාර්තමේන්තුව, 2025.
Edition:2 වන මුද්‍රණය.
Series:(උරුමය තනි නොකරමු උරුම පොත් පෙළ ; අංක 8)
Tags: Add Tag
No Tags, Be the first to tag this record!

MARC

LEADER 00000nam a2200000 4500
003 LK-CoNLD
005 20260306120815.0
008 260306b |||||||| |||| 00| 0 ||| d
015 |2 slnb 
017 |a 506726  |b LK-CoDNA 
020 |a 9786245840052 
040 |a LK-CoNLD  |b SIN  |c LK-CoNLD  |d LK-CoNLD 
082 |2 23  |q LK-CoNLD 
100 |a ද සිල්වා, තෙන්නකෝන් මුදලිගේ හසන්තිකා  |9 92359 
245 |6 880-1  |a හෙළ ජනයාගේ දේශීය ආහාර රටාව /  |c තෙන්නකෝන් මුදලිගේ හසන්තිකා ද සිල්වා. 
250 |a 2 වන මුද්‍රණය. 
260 |a කොළඹ :  |b පුරාවිද්‍යා දෙපාර්තමේන්තුව,  |c 2025. 
300 |a පි. [VII], 91 : වර්ණ චිත්‍ර : ඡායාරූප ;  |c සෙමි. 21.  |b මැබැ-බෝක : රු. 300 
490 |a (උරුමය තනි නොකරමු උරුම පොත් පෙළ ; අංක 8) 
880 |6 245-1  |a Hela janayage deshiya ahara ratava 
942 |c BOOK 
945 |a 21991  |b Nadeen WEERAKOON  |c 18246  |d Chamari MUTHUMALI 
999 |c 297828  |d 297828